000 00578cam a2200241 4500
001 B1535
008 090401t1987 xxu||||| |||| 00| 0 eng d
035 _a(Sirsi) u45041
041 _aeng
050 _a333.33
110 _aEdward Erdman
_92048
245 _aProperty now - No. 3 (Summer 1987)
260 _aLondon
_bEdward Erdman
_c1987
300 _a36p. : ill, ; 30cm.
350 _a5
650 _aINDUSTRIAL PROPERTY
650 _aLONDON
650 _aOFFICES
650 _aRESIDENTIAL PROPERTY
_96266
650 _aSHOPS
942 _n0
948 _c04/03/1997
999 _c91636
_d91636